00653 2200241 4500001002100000005001700021008004100038020001800079035002500097040001200122082001200134090002200146100001200168245005800180260002700238300003400265440002000299500003100319500001100350650001700361850001200378999002100390YOGYA-0209000005677120141127140356.0 ind  a979-731-167-8 a0010-020900000056771 aYOPDYOG a004.678 aDEP 004.678 Jas K aJASMADI aKoleksi template web dan teknim pembuatannyacJasmadi aYogyakartabAndic2004 axiii, 233 hlm.bilus.c21 cm. aSeri desain web aBibliografi : hlm. 229-230 aIndeks aWeb template aYOPDYOG aCB-D.11-2004-117